| 000 | 01291nam a2200337Ia 4500 | ||
|---|---|---|---|
| 001 | ebr10660426 | ||
| 003 | CaPaEBR | ||
| 006 | m u | ||
| 007 | cr cn||||||||| | ||
| 008 | 080918s2009 nyua sb 001 0 eng d | ||
| 010 | _z 2008041207 | ||
| 020 | _z1606920669 (hardcover) | ||
| 020 | _z9781606920664 (hardcover) | ||
| 020 | _z9781607410904 | ||
| 040 |
_aCaPaEBR _cCaPaEBR |
||
| 035 | _a(OCoLC)839305400 | ||
| 050 | 1 | 4 |
_aRC682 _b.H3836 2009eb |
| 082 | 0 | 4 |
_a616.1/20082 _222 |
| 245 | 0 | 0 |
_aHeart disease in women _h[electronic resource] / _cBenjamin V. Lardner and Harrison R. Pennelton, editors. |
| 260 |
_aNew York : _bNova Science Publishers, _cc2009. |
||
| 300 |
_axiii, 268 p. : _bill. |
||
| 504 | _aIncludes bibliographical references and index. | ||
| 533 |
_aElectronic reproduction. _bPalo Alto, Calif. : _cebrary, _d2013. _nAvailable via World Wide Web. _nAccess may be limited to ebrary affiliated libraries. |
||
| 650 | 0 | _aHeart diseases in women. | |
| 650 | 0 | _aInternal medicine. | |
| 655 | 7 |
_aElectronic books. _2local |
|
| 700 | 1 | _aLardner, Benjamin V. | |
| 700 | 1 | _aPennelton, Harrison R. | |
| 710 | 2 | _aebrary, Inc. | |
| 856 | 4 | 0 |
_uhttp://site.ebrary.com/lib/rucke/Doc?id=10660426 _zAn electronic book accessible through the World Wide Web; click to view |
| 999 |
_c67718 _d67718 |
||